| 000 | 01416cam0a2200289 4500 | ||
|---|---|---|---|
| 001 | 9295 | ||
| 010 | _a9782264058348 | ||
| 090 | _a9295 | ||
| 099 | _tLIVR | ||
| 100 | _a20120615d2012 k y0frey50 ba | ||
| 101 | 1 | _afre | |
| 102 | _aFR | ||
| 200 | 1 |
_aL'herbe du diable et la petite fumée _eUne voie yaqui de la connaissance _eThe teachings of Don Juan _fCarlos Castaneda _g Michel Doury _gYves Buin _bLIVR |
|
| 210 |
_aParis _cSoleil Noir _d1972 |
||
| 215 |
_a335 p. _ccouv. ill. en coul. _d18 cm |
||
| 300 | _aEn appendice, choix de documents | ||
| 330 | _aArizona, 1961. Alors qu'il est étudiant en anthropologie de l'université de Los Angeles, Carlos Castaneda rencontre don Juan Matus, un indien Yaqui de la province de Sonora. L'homme de savoir, étrange sorcier, l'initie au chamanisme en lui dévoilant l'envers du monde et la manière d'apprivoiser la racine Datura Inoxia : l'herbe du diable. | ||
| 606 |
_3027625818 _aYaqui (Indiens) _3027239640 _xMoeurs et coutumes _925152 |
||
| 606 |
_3028588266 _aHallucinogènes et expérience religieuse _925153 |
||
| 606 |
_3027222381 _aChamanisme _3027239497 _yMexique _925154 |
||
| 606 |
_aLes enseignements _xUne analyse structurale _925155 |
||
| 700 | 1 |
_3026771209 _aCastaneda _bCarlos _4070 _925156 |
|
| 701 | 1 |
_302683636X _aDoury _bMichel _4730 _925157 |
|
| 702 | 1 |
_3026758504 _aBuin _bYves _4080 _925158 |
|
| 801 | 3 |
_aFR _bAbes _c20241009 _gAFNOR |
|
| 801 | 3 |
_aTN _b32BIS |
|
| 830 | _aMS | ||